Présidents - Présidentes Amérique Latine - Statistiques

Statistiques générales
  • Ce quiz a été pris 996 fois
  • Le résultat moyen est 8 sur 20
Statistiques - réponses
Hint Réponse % Correct
Argentine Javier Milei
86%
Venezuela élu Nicolas Maduro
76%
Salvador Nayib Bukele
69%
Mexique Claudia Sheinbaum
65%
Colombie Gustavo Petro
54%
Nicaragua Daniel Ortega
47%
Chili Gabriel Boric
46%
Equateur Daniel Noboa
41%
Bolivie Luis Arce
37%
Honduras Xiomara Castro
36%
Pérou Dina Boluarte
35%
Cuba Miguel Diaz Canel
34%
Costa Rica Rodrigo Chaves
29%
Paraguay Santiago Pena
27%
Guatemala Bernardo Arévalo
25%
Uruguay Luis Lacalle Pou
24%
Puerto Rico Joe Biden
22%
République Dominicaine Luis Abinader
17%
Venezuela autoproclamé Juan Guaido
14%
Panama Laurentino Cortizo
9%
Aucun quiz correspondant
Distribution des résultats
% des personnes avec chaque résultat
Percentile par nombre de réponses
Votre historique - résultats
Vous n’avez pas pris ce quiz